| 000 | 00429cam a2200181ua 4500 | ||
|---|---|---|---|
| 001 | 3106 | ||
| 008 | 110928n ii |||gr||||Z||||||asm | ||
| 040 | _cMAIN | ||
| 082 | _a891.4513 | ||
| 100 | 1 |
_aSaikia, Bhabendranath, _eAuthor. |
|
| 245 | 1 | 1 |
_aGahbar _cby Bhabendra Nath Saikia |
| 250 | _a3rd. | ||
| 260 |
_aDibrugarh: _bBanalata,987. |
||
| 300 |
_a204p: _c23cm. |
||
| 653 | _aAssamese novel | ||
| 653 | _aGahbar | ||
| 942 | _cBK | ||
| 999 |
_c2952 _d2952 |
||